Business processes: modeling and analysis for re-engineering and improvement

Wedi'i Gadw mewn:
Manylion Llyfryddiaeth
Prif Awdur: Ould, Martyn A. (Awdur)
Fformat: Llyfr
Iaith:Saesneg
Cyhoeddwyd: Chichester John Wiley 1995
Rhifyn:1a. ed
Pynciau:
Tagiau: Ychwanegu Tag
Dim Tagiau, Byddwch y cyntaf i dagio'r cofnod hwn!

MARC

LEADER 00000nam a2200000 a 4500
001 UCK2504
003 CL-VaPUC
008 050120e19950000UK |||||||||||||||||eng|d
020 |a 0471953520 
082 0 4 |a 658.4063  |b OUL  |2 21 
100 |a Ould, Martyn A.  |e author  |9 497598 
245 1 0 |a Business processes: modeling and analysis for re-engineering and improvement 
250 |a 1a. ed 
300 |a 224 p 
942 |c BK 
945 |d 20050120 00:00:00  |a vberengu 
260 |a Chichester  |b John Wiley  |c 1995 
500 |a http://www.wiley.com 
500 |a After carefully establishing the objectives of modelling, the author presents a process modelling method, STRIM, and notations which has been developed by Praxis during the last few years. Ould provides detailed descriptions of the notations and the modelling technique along with examples of its use for a variety of purposes. Covers the full method--from organising a modelling project through process analysis to process support system development. can be used by practitioners who have no prior knowledge of the area 
500 |a Table of Contents: 
500 |a The Process Modeller's Needs 
500 |a Basic Concepts in Process Modelling 
500 |a Modelling with RADs 
500 |a Animating a Process Model 
500 |a Micro-Modelling of Processes 
500 |a Modelling Large Processes 
500 |a Process Patterns 
500 |a Modelling the Materials in the Process 
500 |a Analysing a Process Model 
500 |a Managing the Modelling 
650 0 |a Reingeniería   |9 344366 
650 0 |a Gerencia ejecutiva   |9 482521 
650 0 |a Cambio organizacional   |9 260741 
583 |a last modification  |c 20050120 00:00:00  |k Rodrigo Vera 
999 |c 312017  |d 312015 
952 |0 0  |1 0  |4 0  |6 658_406300000000000_OUL_1995  |7 0  |8 A  |9 381802  |a BIBING  |b BIBING  |d 2019-11-21  |i 4093518  |o 658.4063 OUL 1995  |p 4093518  |r 2025-01-20  |w 2019-11-21  |y BK  |k EII